| 000 | 00616nam a22001931i 4500 | ||
|---|---|---|---|
| 001 | 9287 | ||
| 090 | _a9287 | ||
| 010 | _a9788434500860 | ||
| 100 | _a20170304u u u0frey50 ba | ||
| 101 | 1 |
_apor _cesl |
|
| 200 | 1 |
_fRoser Capdevila _aAs Três Irmãs - Dr. Frankenstein |
|
| 215 |
_a[46]p _cil _d18 cm |
||
| 701 | 1 |
_aVigil _bAurélia _4730 |
|
| 700 | 1 |
_aCapdevila _bRoser _4440 |
|
| 210 |
_cSalvat _d1999 |
||
| 225 | 2 |
_aA biblioteca das três irmãs _vTomo XI |
|
| 410 | 0 | _tA biblioteca das três irmãs | |
| 996 |
_f0010121 _kCAP _m00000000 _n00000000 _aBMVA _b1 _vViana do Alentejo _xLiteratura Infantil _y35 _eLivro _10 _31 |
||
| 990 | _cLIVROS | ||